Economics : (Record no. 16801)
[ view plain ]
| 000 -LEADER | |
|---|---|
| fixed length control field | 01206cam a22003014a 4500 |
| 001 - CONTROL NUMBER | |
| control field | 12991768 |
| 005 - DATE AND TIME OF LATEST TRANSACTION | |
| control field | 20030528111108.0 |
| 008 - FIXED-LENGTH DATA ELEMENTS--GENERAL INFORMATION | |
| fixed length control field | 021104s2004 njua b 001 0 eng |
| 020 ## - INTERNATIONAL STANDARD BOOK NUMBER | |
| International Standard Book Number | 0130164100 |
| 040 ## - CATALOGING SOURCE | |
| Original cataloging agency | DLC |
| Transcribing agency | DLC |
| Modifying agency | DLC |
| 082 00 - DEWEY DECIMAL CLASSIFICATION NUMBER | |
| Classification number | 330 |
| Edition number | 22 |
| Item number | AYE |
| 100 1# - MAIN ENTRY--PERSONAL NAME | |
| Personal name | Ayers, Ronald M. |
| 9 (RLIN) | 30253 |
| 245 10 - TITLE STATEMENT | |
| Title | Economics : |
| Remainder of title | Explore & Apply / |
| Statement of responsibility, etc | Ronald Ayers, Robert Collinge. |
| 260 ## - PUBLICATION, DISTRIBUTION, ETC. (IMPRINT) | |
| Place of publication, distribution, etc | Upper Saddle River, NJ : |
| Name of publisher, distributor, etc | Prentice Hall, |
| Date of publication, distribution, etc | c2004. |
| 300 ## - PHYSICAL DESCRIPTION | |
| Extent | xxx, 734 p. : |
| Other physical details | col. ill., col. maps ; |
| Dimensions | 27 cm. |
| 500 ## - GENERAL NOTE | |
| General note | This combined volume includes: Microeconomics and macroeconomics. |
| 504 ## - BIBLIOGRAPHY, ETC. NOTE | |
| Bibliography, etc | Includes bibliographical references and index. |
| 650 #0 - SUBJECT ADDED ENTRY--TOPICAL TERM | |
| Topical term or geographic name as entry element | Economics. |
| 9 (RLIN) | 30254 |
| 650 #0 - SUBJECT ADDED ENTRY--TOPICAL TERM | |
| Topical term or geographic name as entry element | Microeconomics. |
| 9 (RLIN) | 30255 |
| 650 #0 - SUBJECT ADDED ENTRY--TOPICAL TERM | |
| Topical term or geographic name as entry element | Macroeconomics. |
| 9 (RLIN) | 30256 |
| 653 ## - INDEX TERM--UNCONTROLLED | |
| Resource For college | |
| Arrived date list | June2012 |
| 700 1# - ADDED ENTRY--PERSONAL NAME | |
| Personal name | Collinge, Robert A. |
| 9 (RLIN) | 30257 |
| 700 12 - ADDED ENTRY--PERSONAL NAME | |
| Personal name | Ayers, Ronald M. |
| Title of a work | Macroeconomics. |
| 9 (RLIN) | 30258 |
| 700 12 - ADDED ENTRY--PERSONAL NAME | |
| Personal name | Ayers, Ronald M. |
| Title of a work | Microeconomics. |
| 9 (RLIN) | 30259 |
| 942 ## - ADDED ENTRY ELEMENTS (KOHA) | |
| Source of classification or shelving scheme | Dewey Decimal Classification |
| Item type | Book - Borrowing |
| Withdrawn status | Item status | Source of classification or shelving scheme | Damaged status | Not for loan | Vendor | Home library | Current library | Shelving location | Date acquired | Source of acquisition | Cost, normal purchase price | Serial Enumeration / chronology | Total Checkouts | Full call number | Barcode | Date last seen | Koha item type |
|---|---|---|---|---|---|---|---|---|---|---|---|---|---|---|---|---|---|
| Dewey Decimal Classification | Baccah | Central Library | Central Library | First floor | 27/06/2012 | 231.00 | 15316 | 330 AYE | 000026891 | 15/07/2025 | Book - Borrowing |